000 00270nam a2200121Ia 4500
005 20251222155134.0
008 251222s9999||||xx |||||||||||||| ||spa||
082 _aBIO.13
100 _aAtlas
245 0 _aLos mecanismos de la vida
264 _bNo tiene
942 _cLIB
999 _c38936
_d38936